|
|
|
|
| LEADER |
00000nam0a2200000 4500 |
| 001 |
39654 |
| 005 |
20251118165139.0 |
| 010 |
|
|
|a 586004125X
|
| 035 |
|
|
|a (RuTPU)RU\TPU\book\40527
|
| 090 |
|
|
|a 39654
|
| 100 |
|
|
|a 20020410d2000 m y0rusy50 ca
|
| 101 |
0 |
|
|a rus
|
| 102 |
|
|
|a RU
|
| 105 |
|
|
|a aс z 001zy
|
| 200 |
1 |
|
|a О России в царствование Алексея Михайловича
|f Г. К. Котошихин
|
| 210 |
|
|
|a Москва
|c РОССПЭН
|d 2000
|
| 215 |
|
|
|a 272 с.
|c ил., порт.
|
| 225 |
1 |
|
|a Русская историческая библиотека
|
| 320 |
|
|
|a Библиогр.: с. 268-269
|
| 600 |
|
0 |
|a Алексей Михайлович
|c из династии Романовых
|c русский царь
|f 1629-1676
|2 stltpush
|3 (RuTPU)RU\TPU\pers\10058
|
| 606 |
|
|
|a Россия
|x История
|z 17 в.
|9 83694
|
| 610 |
1 |
|
|a 17 век
|
| 610 |
1 |
|
|a государственное устройство
|
| 610 |
1 |
|
|a придворный быт
|
| 610 |
1 |
|
|a приказы
|
| 610 |
1 |
|
|a этнография
|
| 610 |
1 |
|
|a русские цари
|
| 610 |
1 |
|
|a быт
|
| 610 |
1 |
|
|a русская армия
|
| 610 |
1 |
|
|a обряды
|
| 610 |
1 |
|
|a органы местного самоуправления
|
| 610 |
1 |
|
|a феодальное землевладение
|
| 686 |
|
|
|a Т3(2)45
|2 rubbk
|
| 700 |
|
1 |
|a Котошихин
|b Г. К.
|
| 702 |
|
1 |
|a Леонтьева
|b Г. А.
|4 220
|
| 801 |
|
1 |
|a RU
|b 63413507
|c 20020410
|g PSBO
|
| 801 |
|
2 |
|a RU
|b 63413507
|c 20040906
|g PSBO
|
| 942 |
|
|
|c BK
|